| 000 | 00444 a2200121 4500 | ||
|---|---|---|---|
| 001 | ART_13540 | ||
| 005 | 20260410161910.0 | ||
| 008 | 260409a | ||
| 245 | 1 | 0 | _aCondición de actividad y posición ocupacional de la mujer, y características socioeconómicas de la familia en México |
| 100 | 1 | _aLustig, Nora | |
| 700 | 1 | _aRendón, Teresa | |
| 773 | 0 |
_tDemografía y economía _g- Vol. XII, Nº 34 (ene./abr.1978) _wREV13200 |
|
| 999 |
_c26724 _d26724 |
||